| 000 | 00622nam a2200205 a 4500 | ||
|---|---|---|---|
| 005 | 20250205063747.0 | ||
| 008 | 991125 20042002mx 000 0 spa u | ||
| 020 | _a9681864913 | ||
| 035 | _aUPN01000142765 | ||
| 049 | _aCG | ||
| 050 | 4 |
_aHD37 _bV4.2 2004 |
|
| 100 | 1 |
_aVelázquez Mastretta, Gustavo _942622 |
|
| 245 | 1 | 0 |
_aAdministración de los sistemas de producción / _cGustavo Velázquez Mastretta. |
| 250 | _a6a ed. | ||
| 260 |
_aMéxico : _bLimusa, _c2004. |
||
| 300 |
_a292 p. : _bil., tablas |
||
| 650 | 4 |
_aAdministración industrial _9500 |
|
| 650 | 4 |
_aPRODUCCION - _xADMINISTRACION _913583 |
|
| 905 | _aLibro | ||
| 999 |
_c114912 _d114912 |
||